Veinte poemas de amor y una canción desesperada
Furkejuvvon:
| Váldodahkki: | |
|---|---|
| Materiálatiipa: | Girji |
| Giella: | Undetermined |
| Almmustuhtton: |
Madrid, España
Alianza Editorial
1994
|
| Fáttát: | |
| Fáddágilkorat: |
Lasit fáddágilkoriid
Eai fáddágilkorat, Lasit vuosttaš fáddágilkora!
|
MARC
| LEADER | 00000nam a2200000Ia 4500 | ||
|---|---|---|---|
| 008 | 170316s9999 xx 000 0 und d | ||
| 040 | |a cru BVZT | ||
| 090 | |a 860 N-5ve | ||
| 100 | |a Neruda, Pablo | ||
| 245 | |a Veinte poemas de amor y una canción desesperada | ||
| 260 | |a Madrid, España | ||
| 260 | |b Alianza Editorial | ||
| 260 | |c 1994 | ||
| 300 | |a 95 páginas | ||
| 650 | |a LITERATURA LATINOAMERICANA | ||
| 650 | |a POEMAS | ||
| 999 | |c 9019 |d 9019 | ||
| 942 | |c 15 D |h 860 N-5ve |2 z | ||
